[Event "9.Open Internacional de Sants"]
[Site "Barcelona ESP"]
[Date "2007.08.31"]
[Round "8.3"]
[White "Marin, Mihail"]
[Black "Feller, Sebastien"]
[Result "1/2-1/2"]
[WhiteElo "2533"]
[BlackElo "2478"]
[PlyCount "53"]
[EventDate "2007.08.24"]
[EventType "swiss"]
[EventRounds "10"]
[EventCountry "ESP"]
[Source "lmi"]
[SourceDate "2007.08.24"]

1. c4 e6 2. g3 d5 3. Bg2 Nf6 4. d4 Bb4+ 5. Bd2 Be7 6. Nf3 O-O 7. O-O c6 8. Qc2
b6 9. Rd1 Ba6 10. b3 Nbd7 11. a4 c5 12. Na3 Bb7 13. Qb2 Rc8 14. Rac1 dxc4 15.
Nxc4 cxd4 16. Nxd4 Bxg2 17. Kxg2 Qc7 18. Bf4 Qb7+ 19. Kg1 a6 20. Bd6 Rxc4 21.
Bxe7 Rxc1 22. Rxc1 Rc8 23. b4 Ne5 24. Rxc8+ Qxc8 25. Bxf6 gxf6 26. b5 a5 27.
Nf3 1/2-1/2

[Event "9.Open Internacional de Sants"]
[Site "Barcelona ESP"]
[Date "2007.08.31"]
[Round "8.4"]
[White "Sulashvili, Malkhaz"]
[Black "Moskalenko, Viktor"]
[Result "1/2-1/2"]
[WhiteElo "2437"]
[BlackElo "2560"]
[PlyCount "87"]
[EventDate "2007.08.24"]
[EventType "swiss"]
[EventRounds "10"]
[EventCountry "ESP"]
[Source "lmi"]
[SourceDate "2007.08.24"]

1. d4 Nf6 2. Nf3 e6 3. c4 b6 4. e3 Bb7 5. Nc3 d5 6. cxd5 exd5 7. Bb5+ c6 8. Bd3
Nbd7 9. O-O Bb4 10. Ne5 O-O 11. f4 c5 12. Bd2 Ne4 13. Nxe4 dxe4 14. Bc4 Bxd2
15. Qxd2 Nxe5 16. fxe5 Bd5 17. b3 cxd4 18. Qxd4 Bxc4 19. Qxc4 Qd3 20. Qxd3 exd3
21. Rad1 Rfd8 22. Rf4 Rd5 23. Rd4 Rxe5 24. R1xd3 Kf8 25. Kf2 Ke8 26. Rc3 Rd8
27. Rcd3 Rxd4 28. Rxd4 Rc5 29. Kf3 Ke7 30. h4 h5 31. g3 g6 32. Rd2 Ke6 33. Rd4
Rc2 34. a4 Rc3 35. b4 a6 36. Rd8 Rc4 37. Ra8 Rxb4 38. Rxa6 Kd5 39. Ra7 Ke6 40.
Rb7 f6 41. e4 f5 42. exf5+ Kxf5 43. Rf7+ Ke5 44. Rg7 1/2-1/2

[Event "9.Open Internacional de Sants"]
[Site "Barcelona ESP"]
[Date "2007.08.31"]
[Round "8.5"]
[White "Narciso Dublan, Marc"]
[Black "Gonzalez, Renier"]
[Result "1/2-1/2"]
[WhiteElo "2552"]
[BlackElo "2456"]
[PlyCount "198"]
[EventDate "2007.08.24"]
[EventType "swiss"]
[EventRounds "10"]
[EventCountry "ESP"]
[Source "lmi"]
[SourceDate "2007.08.24"]

1. d4 d5 2. c4 c6 3. Nc3 Nf6 4. e3 a6 5. Nf3 b5 6. b3 Bg4 7. h3 Bh5 8. g4 Bg6
9. Ne5 e6 10. c5 Nfd7 11. Nxg6 hxg6 12. b4 a5 13. bxa5 e5 14. Bg2 Be7 15. Bd2
Rxa5 16. a4 bxa4 17. Rxa4 Rxa4 18. Qxa4 Bg5 19. dxe5 O-O 20. Qd4 Qe7 21. O-O
Qxc5 22. f4 Be7 23. Rb1 Qa3 24. Qa4 g5 25. Qxa3 Bxa3 26. Na4 gxf4 27. exf4 g5
28. Ra1 Be7 29. Re1 gxf4 30. Bxf4 Na6 31. e6 Ndc5 32. Nxc5 Bxc5+ 33. Be3 fxe6
34. Bxc5 Nxc5 35. Rc1 Nd3 36. Rxc6 Nf4 37. h4 Kf7 38. Kh2 Kf6 39. g5+ Ke5 40.
Rc1 Rh8 41. Re1+ Kd6 42. Bf3 Nd3 43. Re3 Rxh4+ 44. Kg3 Rd4 45. g6 Ke7 46. g7
Kf7 47. Rxe6 Kxg7 48. Rd6 Nb4 49. Kf2 Kf7 50. Bxd5+ Nxd5 51. Kf3 Ke7 52. Rg6
Nf6 53. Ke3 Ra4 54. Rg5 Ke6 55. Kf3 Nd7 56. Rg8 Kf5 57. Ke3 Nf6 58. Rb8 Ng4+
59. Kd3 Ne5+ 60. Kc3 Rc4+ 61. Kb3 Rc7 62. Rh8 Nf3 63. Re8 Nd4+ 64. Kb4 Rc1 65.
Rh8 Nc6+ 66. Kb3 Ke4 67. Rh4+ Kd5 68. Rh5+ Ne5 69. Rh8 Nf3 70. Kb4 Rc4+ 71. Ka5
Ne5 72. Kb5 Rc5+ 73. Kb4 Nc6+ 74. Ka3 Kc4 75. Rh4+ Nd4 76. Rh8 Rb5 77. Rc8+ Kd3
78. Rh8 Rb7 79. Rc8 Ne6 80. Rc6 Nf4 81. Rd6+ Kc4 82. Rc6+ Kd5 83. Rc3 Ne6 84.
Rb3 Ra7+ 85. Kb2 Nc5 86. Rh3 Kd4 87. Rh4+ Ne4 88. Rh8 Rg7 89. Kb3 Nc5+ 90. Kb4
Rb7+ 91. Ka5 Ne6 92. Rh4+ Kc5 93. Rh5+ Kc4 94. Rh4+ Nd4 95. Ka6 Rb1 96. Rh8 Ne6
97. Ka7 Nc5 98. Rh4+ Kb5 99. Rh2 Kc6 1/2-1/2

[Event "9.Open Internacional de Sants"]
[Site "Barcelona ESP"]
[Date "2007.08.31"]
[Round "8.7"]
[White "Moser, Eva"]
[Black "Sulskis, Sarunas"]
[Result "1/2-1/2"]
[WhiteElo "2424"]
[BlackElo "2537"]
[PlyCount "32"]
[EventDate "2007.08.24"]
[EventType "swiss"]
[EventRounds "10"]
[EventCountry "ESP"]
[Source "lmi"]
[SourceDate "2007.08.24"]

1. e4 e5 2. Nf3 Nc6 3. d4 exd4 4. Nxd4 Nf6 5. Nxc6 bxc6 6. e5 Qe7 7. Qe2 Nd5 8.
c4 Ba6 9. b3 O-O-O 10. Bb2 Qg5 11. Nd2 Bb4 12. h4 Qf5 13. Qd3 Qxd3 14. Bxd3 Nf4
15. Bf1 d5 16. O-O-O dxc4 1/2-1/2

[Event "9.Open Internacional de Sants"]
[Site "Barcelona ESP"]
[Date "2007.08.31"]
[Round "8.8"]
[White "Cuartas, Jaime Alexander"]
[Black "Vila Gazquez, Javier"]
[Result "1/2-1/2"]
[WhiteElo "2504"]
[BlackElo "2429"]
[PlyCount "90"]
[EventDate "2007.08.24"]
[EventType "swiss"]
[EventRounds "10"]
[EventCountry "ESP"]
[Source "lmi"]
[SourceDate "2007.08.24"]

1. e4 c5 2. Nf3 e6 3. c3 Nf6 4. e5 Nd5 5. d4 cxd4 6. cxd4 d6 7. Bc4 Bd7 8. Bxd5
exd5 9. Nc3 Bc6 10. O-O dxe5 11. Nxe5 Be7 12. Bf4 O-O 13. Re1 Bf6 14. Qd2 Nd7
15. Nxd7 Qxd7 16. Bg5 Bxg5 17. Qxg5 Rae8 18. Qd2 f6 19. f3 Kf7 20. Kf2 Qd6 21.
g3 Rxe1 22. Rxe1 Re8 23. Rxe8 Bxe8 24. a3 Bd7 25. Qd3 g6 26. Qd1 Qe6 27. Qe2
Qxe2+ 28. Kxe2 Ke6 29. Ke3 Kd6 30. h4 b6 31. Kf4 h6 32. g4 g5+ 33. Kg3 Bc6 34.
f4 Ke6 35. b4 Bd7 36. Nd1 Bb5 37. Nc3 Bd3 38. hxg5 hxg5 39. Kf3 Kd6 40. Ke3 Bf1
41. Nd1 Kc6 42. Nc3 Kd6 43. Kf2 Bd3 44. Nd1 Kc6 45. Nc3 Kd6 1/2-1/2

[Event "9.Open Internacional de Sants"]
[Site "Barcelona ESP"]
[Date "2007.08.31"]
[Round "8.9"]
[White "Bromberger, Stefan"]
[Black "Alsina Leal, Daniel"]
[Result "0-1"]
[WhiteElo "2500"]
[BlackElo "2416"]
[PlyCount "86"]
[EventDate "2007.08.24"]
[EventType "swiss"]
[EventRounds "10"]
[EventCountry "ESP"]
[Source "lmi"]
[SourceDate "2007.08.24"]

1. e4 c5 2. Nf3 d6 3. d4 cxd4 4. Nxd4 Nf6 5. Nc3 a6 6. Be3 e5 7. Nb3 Be6 8. f3
Be7 9. Qd2 O-O 10. O-O-O Nbd7 11. g4 b5 12. g5 b4 13. Ne2 Ne8 14. f4 a5 15. f5
a4 16. Nbd4 exd4 17. Nxd4 b3 18. Kb1 bxc2+ 19. Nxc2 Bb3 20. axb3 axb3 21. Na3
Ne5 22. Qg2 f6 23. g6 h6 24. Bf4 Ra4 25. Bb5 Ra5 26. Qh3 Qa8 27. Qxb3+ Kh8 28.
Qd5 Qb8 29. Qe6 Nc7 30. Qxe7 Nxb5 31. Nxb5 Rxb5 32. Bxe5 fxe5 33. Rd2 Qa8 34.
Re1 Ra5 35. Kc2 Rc8+ 36. Kd3 Ra4 37. Qh4 d5 38. Qe7 Qa6+ 39. Ke3 Rxe4+ 40. Kf2
Qb6+ 41. Kf1 Rxe1+ 42. Kxe1 Qg1+ 43. Ke2 Qg2+ 0-1

[Event "9.Open Internacional de Sants"]
[Site "Barcelona ESP"]
[Date "2007.08.31"]
[Round "8.10"]
[White "Lapshun, Yury"]
[Black "Oms Fuentes, Lluis"]
[Result "1-0"]
[WhiteElo "2479"]
[BlackElo "2336"]
[PlyCount "81"]
[EventDate "2007.08.24"]
[EventType "swiss"]
[EventRounds "10"]
[EventCountry "ESP"]
[Source "lmi"]
[SourceDate "2007.08.24"]

1. b4 a5 2. b5 c6 3. a4 Nf6 4. Bb2 d5 5. e3 Bf5 6. Nf3 e6 7. c4 c5 8. cxd5 exd5
9. d3 Bd6 10. Nbd2 O-O 11. Be2 Re8 12. O-O Nbd7 13. Re1 Ne5 14. Nxe5 Bxe5 15.
Bxe5 Rxe5 16. d4 cxd4 17. Nf3 Re8 18. Nxd4 Bd7 19. Rc1 Qb6 20. Bf3 Rac8 21. Qd2
Be6 22. Nb3 Ra8 23. Rc3 Ne4 24. Bxe4 dxe4 25. Nd4 Qd6 26. Rec1 g6 27. Qc2 Bd5
28. h3 Rad8 29. Rc7 b6 30. Qc3 h5 31. h4 Qf6 32. Nc6 Qxc3 33. Rxc3 Bxc6 34.
R7xc6 Rd1+ 35. Kh2 Rd2 36. Kg3 Re5 37. Rxb6 g5 38. Rbc6 gxh4+ 39. Kf4 Re8 40.
Rc2 Rd1 41. Rb2 1-0

[Event "9.Open Internacional de Sants"]
[Site "Barcelona ESP"]
[Date "2007.08.31"]
[Round "8.11"]
[White "Luther, Thomas"]
[Black "Hernando Rodrigo, Julio Antonio"]
[Result "1-0"]
[WhiteElo "2529"]
[BlackElo "2361"]
[PlyCount "70"]
[EventDate "2007.08.24"]
[EventType "swiss"]
[EventRounds "10"]
[EventCountry "ESP"]
[Source "lmi"]
[SourceDate "2007.08.24"]

1. e4 d5 2. exd5 Qxd5 3. Nc3 Qa5 4. Nf3 Nf6 5. d4 Bg4 6. h3 Bxf3 7. Qxf3 c6 8.
Bd2 Nbd7 9. O-O-O e6 10. Kb1 Bb4 11. a3 Bxc3 12. Bxc3 Qd5 13. Be2 Qxf3 14. Bxf3
O-O 15. Ba5 Rac8 16. c4 b6 17. Bc3 b5 18. cxb5 cxb5 19. d5 Nc5 20. dxe6 Nfe4
21. exf7+ Rxf7 22. Bd4 Re7 23. Rhe1 Nd2+ 24. Ka2 Rxe1 25. Bd5+ Kf8 26. Rxe1 Nd3
27. Rd1 Nc1+ 28. Ka1 Ncb3+ 29. Bxb3 Nxb3+ 30. Kb1 a5 31. Be3 Ke7 32. Rd5 Rb8
33. Kc2 a4 34. Kd3 Na5 35. Ke4 Nc6 1-0

[Event "9.Open Internacional de Sants"]
[Site "Barcelona ESP"]
[Date "2007.08.31"]
[Round "8.12"]
[White "Almeida Quintana, Omar"]
[Black "Antoli Royo, Joaquin Miguel"]
[Result "1-0"]
[WhiteElo "2501"]
[BlackElo "2379"]
[PlyCount "59"]
[EventDate "2007.08.24"]
[EventType "swiss"]
[EventRounds "10"]
[EventCountry "ESP"]
[Source "lmi"]
[SourceDate "2007.08.24"]

1. d4 Nf6 2. Nf3 c5 3. d5 b5 4. Bg5 Qb6 5. c3 Ne4 6. Bf4 Bb7 7. Qd3 f5 8. e3 a6
9. Nbd2 c4 10. Qd4 Qxd4 11. Nxd4 Bxd5 12. Nxf5 Nc6 13. Nxe4 Bxe4 14. Ng3 Bg6
15. e4 e6 16. O-O-O Bc5 17. f3 Ke7 18. Bg5+ Ke8 19. Be2 h6 20. Bf4 Ke7 21. Nf1
Rhc8 22. Be3 Na5 23. Bxc5+ Rxc5 24. Ne3 Rd8 25. Rd2 d5 26. Rhd1 Bf7 27. f4 Nc6
28. exd5 exd5 29. Bf3 b4 30. Nxd5+ 1-0

[Event "9.Open Internacional de Sants"]
[Site "Barcelona ESP"]
[Date "2007.08.31"]
[Round "8.13"]
[White "Karim, Ismael"]
[Black "Corrales Jimenez, Fidel"]
[Result "1/2-1/2"]
[WhiteElo "2366"]
[BlackElo "2499"]
[PlyCount "67"]
[EventDate "2007.08.24"]
[EventType "swiss"]
[EventRounds "10"]
[EventCountry "ESP"]
[Source "lmi"]
[SourceDate "2007.08.24"]

1. e4 c5 2. Nf3 Nc6 3. d4 cxd4 4. Nxd4 Nf6 5. Nc3 e5 6. Ndb5 d6 7. Bg5 a6 8.
Na3 b5 9. Nd5 Be7 10. Bxf6 Bxf6 11. c3 Bg5 12. Nc2 Rb8 13. a4 bxa4 14. Ncb4
Nxb4 15. Nxb4 Bd7 16. Bxa6 O-O 17. O-O Qb6 18. Qd3 f5 19. Rad1 fxe4 20. Qxe4
Kh8 21. Kh1 Rxf2 22. Rxf2 Qxf2 23. Rf1 Qb6 24. Bd3 g6 25. h4 Bh6 26. Rf7 Bf5
27. Qf3 Qe3 28. Qxe3 Bxe3 29. Bxf5 gxf5 30. Nd5 Bh6 31. Nf6 Bg7 32. Nh5 Bh6 33.
Nf6 Bg7 34. Nh5 1/2-1/2

[Event "9.Open Internacional de Sants"]
[Site "Barcelona ESP"]
[Date "2007.08.31"]
[Round "8.14"]
[White "Fluvia Poyatos, Jordi"]
[Black "Gabrielsen, Stig"]
[Result "1-0"]
[WhiteElo "2495"]
[BlackElo "2322"]
[PlyCount "77"]
[EventDate "2007.08.24"]
[EventType "swiss"]
[EventRounds "10"]
[EventCountry "ESP"]
[Source "lmi"]
[SourceDate "2007.08.24"]

1. e4 c5 2. Nf3 Nc6 3. d4 cxd4 4. Nxd4 Nf6 5. Nc3 d6 6. Bg5 e6 7. Qd2 a6 8.
O-O-O Bd7 9. f3 Rc8 10. Kb1 Be7 11. g4 h5 12. gxh5 Rxh5 13. h4 Qa5 14. f4 Nxd4
15. Qxd4 Rxc3 16. bxc3 e5 17. Qd3 Be6 18. Be2 Qxa2+ 19. Kc1 Rh8 20. f5 Qa3+ 21.
Kd2 Bd7 22. Bf3 Qc5 23. Be3 Qc7 24. c4 Bc6 25. Rde1 Bf8 26. h5 a5 27. Ra1 a4
28. Rhb1 Qa5+ 29. c3 Nd7 30. Bd1 g6 31. Bxa4 Bxa4 32. Qd5 Qxd5+ 33. exd5 Rxh5
34. Rxa4 Rh2+ 35. Kd3 gxf5 36. c5 e4+ 37. Kc4 Ne5+ 38. Kb5 dxc5 39. Ra8+ 1-0

[Event "9.Open Internacional de Sants"]
[Site "Barcelona ESP"]
[Date "2007.08.31"]
[Round "8.15"]
[White "Vilela De Acuña, Jose Luis"]
[Black "Akesson, Ralf"]
[Result "1/2-1/2"]
[WhiteElo "2346"]
[BlackElo "2477"]
[PlyCount "65"]
[EventDate "2007.08.24"]
[EventType "swiss"]
[EventRounds "10"]
[EventCountry "ESP"]
[Source "lmi"]
[SourceDate "2007.08.24"]

1. Nf3 c5 2. c4 Nf6 3. g3 b6 4. Bg2 Bb7 5. O-O e6 6. Nc3 Be7 7. d4 cxd4 8. Qxd4
d6 9. Bg5 a6 10. Bxf6 Bxf6 11. Qf4 Ra7 12. Rfd1 Be7 13. Ne4 Bxe4 14. Qxe4 O-O
15. Nd4 Rc7 16. b3 Re8 17. a4 g6 18. Ra2 Bf8 19. e3 Rc5 20. Qb1 Re7 21. Bf1 Rc8
22. Rad2 Rec7 23. Qa2 Qg5 24. Qb1 Nd7 25. Bg2 Nf6 26. h3 d5 27. Nf3 Qh6 28. Ne5
Bb4 29. Rd3 Qh5 30. Ng4 Nxg4 31. hxg4 Qxg4 32. cxd5 Bc5 33. dxe6 1/2-1/2

[Event "9.Open Internacional de Sants"]
[Site "Barcelona ESP"]
[Date "2007.08.31"]
[Round "8.16"]
[White "Gonzalez Vidal, Yuri"]
[Black "Bruned, Yvain"]
[Result "1/2-1/2"]
[WhiteElo "2475"]
[BlackElo "2307"]
[PlyCount "82"]
[EventDate "2007.08.24"]
[EventType "swiss"]
[EventRounds "10"]
[EventCountry "ESP"]
[Source "lmi"]
[SourceDate "2007.08.24"]

1. d4 Nf6 2. c4 e6 3. Nc3 Bb4 4. e3 c5 5. Nge2 cxd4 6. exd4 O-O 7. a3 Be7 8.
Nf4 d5 9. cxd5 Nxd5 10. Ncxd5 exd5 11. Bd3 Bg5 12. O-O Qd6 13. Qf3 Nc6 14. Nxd5
Bxc1 15. Raxc1 Be6 16. Nc7 Qxc7 17. d5 Bxd5 18. Qxd5 Rad8 19. Qe4 g6 20. Bb5
Rfe8 21. Qa4 Re6 22. Bxc6 Rxc6 23. Rxc6 bxc6 24. Rd1 Rxd1+ 25. Qxd1 c5 26. g3
Qe5 27. Qd2 c4 28. Kg2 Qe4+ 29. f3 Qe5 30. Kf2 h5 31. Qc3 Qe6 32. Qd4 Qh3 33.
Kg1 Qf5 34. Kg2 Qb1 35. Qd2 Qf5 36. Kf2 Qe5 37. Qc3 Qe6 38. Qe3 Qh3 39. Kg1 Qf5
40. Kg2 Qb1 41. Qd2 Qf5 1/2-1/2

[Event "9.Open Internacional de Sants"]
[Site "Barcelona ESP"]
[Date "2007.08.31"]
[Round "8.17"]
[White "Libiszewski, Fabien"]
[Black "Hernandez, Ivan"]
[Result "1/2-1/2"]
[WhiteElo "2462"]
[BlackElo "2281"]
[PlyCount "85"]
[EventDate "2007.08.24"]
[EventType "swiss"]
[EventRounds "10"]
[EventCountry "ESP"]
[Source "lmi"]
[SourceDate "2007.08.24"]

1. e4 e6 2. d4 d5 3. Nc3 Nf6 4. e5 Nfd7 5. f4 c5 6. Nf3 Nc6 7. Be3 cxd4 8. Nxd4
Bc5 9. Qd2 O-O 10. O-O-O a6 11. Qf2 Nxd4 12. Bxd4 Qc7 13. Bd3 Bxd4 14. Qxd4 Qc5
15. Ne2 b6 16. Rhe1 a5 17. f5 Ba6 18. fxe6 fxe6 19. Qg4 Qe3+ 20. Kb1 Nc5 21.
Nc1 Qf4 22. Qh3 h6 23. Nb3 Bxd3 24. cxd3 Nxb3 25. Qxe6+ Kh8 26. axb3 Qd4 27.
Qc6 Rac8 28. Qa4 Qf2 29. Rc1 Qd2 30. Qd4 Qxg2 31. e6 a4 32. e7 Rxc1+ 33. Rxc1
Rg8 34. e8=Q Rxe8 35. Rg1 axb3 36. Rc1 Re2 37. Ka1 Qf2 38. Qxd5 Rd2 39. Qa8+
Kh7 40. Qe4+ Kh8 41. Qe8+ Kh7 42. Qe4+ Kg8 43. Re1 1/2-1/2

[Event "9.Open Internacional de Sants"]
[Site "Barcelona ESP"]
[Date "2007.08.31"]
[Round "8.18"]
[White "Gonzalez Rodriguez, Jorge A"]
[Black "Guramishvili, Sopiko"]
[Result "0-1"]
[WhiteElo "2432"]
[BlackElo "2273"]
[PlyCount "96"]
[EventDate "2007.08.24"]
[EventType "swiss"]
[EventRounds "10"]
[EventCountry "ESP"]
[Source "lmi"]
[SourceDate "2007.08.24"]

1. b3 Nf6 2. Bb2 g6 3. Bxf6 exf6 4. e3 d5 5. d4 Bb4+ 6. c3 Bd6 7. g3 O-O 8. Bg2
c6 9. Ne2 Bf5 10. O-O Na6 11. a3 Qe7 12. c4 dxc4 13. bxc4 Rfd8 14. Qb3 Rab8 15.
Nbc3 h5 16. e4 Be6 17. Qa4 h4 18. Rfd1 Kg7 19. c5 Bc7 20. Qc2 Bg4 21. h3 Bc8
22. g4 b6 23. cxb6 axb6 24. f4 b5 25. Nb1 b4 26. Nd2 bxa3 27. Qc3 Bd6 28. Nc4
Bb4 29. Qf3 Nc7 30. Nxa3 Ba6 31. Nc2 c5 32. Nxb4 Rxb4 33. dxc5 Qxc5+ 34. Kh1
Rxd1+ 35. Rxd1 Ne6 36. Ng1 Rb2 37. e5 Bb7 38. exf6+ Kxf6 39. Qxb7 Rxb7 40. Bxb7
Nxf4 41. Rf1 Qb4 42. Bf3 Kg7 43. Ba8 Qc4 44. Bg2 Qc7 45. Rf2 Nd3 46. Rf3 Nf4
47. Rf2 Qd6 48. Nf3 Nxh3 0-1

[Event "9.Open Internacional de Sants"]
[Site "Barcelona ESP"]
[Date "2007.08.31"]
[Round "8.19"]
[White "Arias Boo, Guillermo"]
[Black "Matnadze, Ana"]
[Result "1/2-1/2"]
[WhiteElo "2299"]
[BlackElo "2408"]
[PlyCount "122"]
[EventDate "2007.08.24"]
[EventType "swiss"]
[EventRounds "10"]
[EventCountry "ESP"]
[Source "lmi"]
[SourceDate "2007.08.24"]

1. d4 Nf6 2. c4 e6 3. Nf3 b6 4. g3 Bb7 5. Bg2 Be7 6. O-O O-O 7. Nc3 Ne4 8. Qc2
Nxc3 9. Qxc3 Be4 10. Nd2 Bxg2 11. Kxg2 f5 12. Nf3 Bf6 13. c5 Nc6 14. Rd1 Ne7
15. Bg5 Bxg5 16. Nxg5 Nd5 17. Qd2 Rb8 18. Nf3 Qe8 19. Ne5 f4 20. Rac1 d6 21.
cxd6 cxd6 22. Nc6 Rb7 23. Nb4 Qh5 24. Nxd5 Qxd5+ 25. f3 fxg3 26. hxg3 Qxa2 27.
Qc2 Qd5 28. Qc6 Re7 29. Qxd5 exd5 30. Rd2 Kf7 31. Rc3 h5 32. Kf2 g5 33. Rc6 Ke6
34. Rc3 Rfe8 35. Re3+ Kd7 36. Rxe7+ Rxe7 37. Rd1 b5 38. Rh1 Rh7 39. e3 Ke6 40.
g4 h4 41. f4 h3 42. Rh2 Kf6 43. Kf3 a5 44. Ke2 b4 45. Kd2 a4 46. Kc2 Rh4 47.
Kd3 gxf4 48. exf4 Rxg4 49. Rxh3 Rxf4 50. Rh8 Rf3+ 51. Kc2 Kf5 52. Rb8 Rf2+ 53.
Kc1 Ke4 54. Rxb4 Kd3 55. Kb1 Rf1+ 56. Ka2 Rf4 57. Rxa4 Rxd4 58. Ra6 Kc2 59. b3
Rb4 60. Rc6+ Kd2 61. Rxd6 d4 1/2-1/2

[Event "9.Open Internacional de Sants"]
[Site "Barcelona ESP"]
[Date "2007.08.31"]
[Round "8.20"]
[White "Degtiarev, Evgeny"]
[Black "White, Michael J R"]
[Result "0-1"]
[WhiteElo "2385"]
[BlackElo "2246"]
[PlyCount "148"]
[EventDate "2007.08.24"]
[EventType "swiss"]
[EventRounds "10"]
[EventCountry "ESP"]
[Source "lmi"]
[SourceDate "2007.08.24"]

1. d4 Nf6 2. c4 g6 3. Nc3 Bg7 4. e4 d6 5. Nf3 O-O 6. Be2 e5 7. Be3 Ng4 8. Bg5
f6 9. Bh4 Qd7 10. d5 f5 11. h3 Nf6 12. Nd2 Qf7 13. g4 g5 14. Bg3 f4 15. Bh2 c6
16. b4 Na6 17. Rb1 c5 18. a3 b6 19. f3 h5 20. Bg1 Ne8 21. Bf2 Bf6 22. Bd3 h4
23. Bc2 Bd8 24. Ba4 Bd7 25. Bc6 Bxc6 26. dxc6 Nac7 27. O-O Nf6 28. Nd5 Qe8 29.
Qa4 Rf7 30. Rfd1 Rc8 31. Nf1 Na8 32. Nxf6+ Rxf6 33. bxc5 Qxc6 34. Qxc6 Rxc6 35.
cxd6 Rfxd6 36. Rd5 Rxd5 37. cxd5 Rc3 38. Be1 Rxf3 39. Rc1 Nc7 40. Bc3 Bf6 41.
Bb4 Nb5 42. a4 Rb3 43. axb5 Rxb4 44. Rc6 Kf7 45. Nd2 Rxb5 46. Rc7+ Ke8 47. Nc4
Kd8 48. Rxa7 Rb4 49. Nd6 Be7 50. Nf7+ Ke8 51. d6 Kxf7 52. Rxe7+ Kf6 53. Rb7
Rxe4 54. Rxb6 Rd4 55. d7+ Ke7 56. Rb5 Ke6 57. Rb6+ Kxd7 58. Rg6 Rd3 59. Kh2 e4
60. Rxg5 Ke6 61. Rf5 Rf3 62. Kg2 Rg3+ 63. Kf2 e3+ 64. Ke2 Rg2+ 65. Ke1 Rf2 66.
Rh5 Rh2 67. Rf5 Rh1+ 68. Ke2 Rh2+ 69. Ke1 Rxh3 70. Rxf4 Ke5 71. Rf8 Ke4 72. g5
Rg3 73. Re8+ Kf3 74. Rf8+ Kg2 0-1

[Event "9.Open Internacional de Sants"]
[Site "Barcelona ESP"]
[Date "2007.09.01"]
[Round "9.2"]
[White "Feller, Sebastien"]
[Black "Lapshun, Yury"]
[Result "1/2-1/2"]
[WhiteElo "2478"]
[BlackElo "2479"]
[PlyCount "21"]
[EventDate "2007.08.24"]
[EventType "swiss"]
[EventRounds "10"]
[EventCountry "ESP"]
[Source "lmi"]
[SourceDate "2007.08.24"]

1. e4 e5 2. Nf3 Nc6 3. Bb5 a6 4. Bxc6 dxc6 5. O-O Bg4 6. h3 h5 7. c3 Qd3 8.
hxg4 hxg4 9. Nxe5 Bd6 10. Nxd3 Bh2+ 11. Kh1 1/2-1/2

[Event "9.Open Internacional de Sants"]
[Site "Barcelona ESP"]
[Date "2007.09.01"]
[Round "9.3"]
[White "Alsina Leal, Daniel"]
[Black "Pinter, Jozsef"]
[Result "1/2-1/2"]
[WhiteElo "2416"]
[BlackElo "2535"]
[PlyCount "153"]
[EventDate "2007.08.24"]
[EventType "swiss"]
[EventRounds "10"]
[EventCountry "ESP"]
[Source "lmi"]
[SourceDate "2007.08.24"]

1. e4 e5 2. Nf3 Nc6 3. Bb5 a6 4. Bxc6 dxc6 5. O-O Ne7 6. Nxe5 Qd4 7. Qh5 g6 8.
Qg5 Bg7 9. Nd3 f5 10. e5 c5 11. b3 b6 12. Bb2 Qg4 13. Qe3 Nd5 14. Qe1 Bb7 15.
f3 Qg5 16. Nc3 O-O-O 17. Nxd5 Rxd5 18. Qe2 Rhd8 19. Bc3 a5 20. Qe3 Qxe3+ 21.
dxe3 Ba6 22. Nf4 Rxe5 23. Rfd1 Rxd1+ 24. Rxd1 Re7 25. Nd5 Rf7 26. Bxg7 Rxg7 27.
c4 a4 28. e4 fxe4 29. fxe4 axb3 30. axb3 Kb8 31. Rf1 Bc8 32. Rf8 Kb7 33. Kf2 b5
34. Ke3 Bd7 35. Nf4 Re7 36. Nd3 Kb6 37. Rb8+ Ka7 38. Rf8 Kb6 39. Rf6+ c6 40.
Kf4 g5+ 41. Ke3 Bg4 42. cxb5 Kxb5 43. Rf8 Rb7 44. Re8 Bd1 45. Re5 Kb6 46. Rxg5
Bxb3 47. Nxc5 Ra7 48. Nxb3 Ra3 49. Rh5 Rxb3+ 50. Kd4 Rb2 51. g3 c5+ 52. Rxc5
Rd2+ 53. Ke3 Kxc5 54. Kxd2 Kd4 55. e5 Kxe5 56. Ke3 Kf5 57. Kf3 Kg5 58. h3 Kf5
59. g4+ Kg5 60. Kg3 Kg6 61. Kf4 Kf6 62. h4 Kg6 63. Ke5 Kg7 64. Ke6 Kg6 65. Ke7
Kg7 66. Ke8 Kg8 67. Kd7 Kf7 68. Kd6 Kf6 69. Kd5 Kf7 70. Ke5 Ke7 71. Kf5 Kf7 72.
h5 h6 73. Ke5 Ke7 74. Kd5 Kf6 75. Ke4 Ke6 76. Kf4 Kf6 77. g5+ 1/2-1/2

[Event "9.Open Internacional de Sants"]
[Site "Barcelona ESP"]
[Date "2007.09.01"]
[Round "9.4"]
[White "Fluvia Poyatos, Jordi"]
[Black "Shengelia, Davit"]
[Result "1/2-1/2"]
[WhiteElo "2495"]
[BlackElo "2572"]
[PlyCount "126"]
[EventDate "2007.08.24"]
[EventType "swiss"]
[EventRounds "10"]
[EventCountry "ESP"]
[Source "lmi"]
[SourceDate "2007.08.24"]

1. e4 c5 2. Nf3 d6 3. d4 cxd4 4. Nxd4 Nf6 5. Nc3 Nc6 6. Bg5 e6 7. Qd2 a6 8.
O-O-O Nxd4 9. Qxd4 Be7 10. f4 b5 11. Bxf6 gxf6 12. e5 d5 13. f5 Bb7 14. Be2
fxe5 15. Qxe5 Bf6 16. Qg3 Qb8 17. Qf3 O-O 18. Bd3 Bc8 19. Rhf1 b4 20. Ne2 Qe5
21. Qg3+ Qxg3 22. Nxg3 e5 23. Kb1 e4 24. Be2 Bb7 25. Nh5 Be5 26. f6 Rfe8 27.
Rf5 Re6 28. Rdf1 a5 29. Bg4 h6 30. Nf4 Bxf4 31. R5xf4 Re5 32. Bf5 Bc8 33. Kc1
Bxf5 34. Rxf5 Rae8 35. Kd2 Kh7 36. Ke3 Kg6 37. g4 Rxf5 38. Rxf5 d4+ 39. Kxd4 e3
40. Rf1 Kg5 41. Kd3 Kxg4 42. Ke2 Rc8 43. h3+ Kxh3 44. Kxe3 Rxc2 45. Rf5 a4 46.
Ra5 a3 47. bxa3 Rc3+ 48. Kf4 Rxa3 49. Rb5 Ra4 50. Kf5 Kg3 51. Rb7 Ra5+ 52. Ke4
Rxa2 53. Rxf7 Rf2 54. Rg7+ Kh4 55. Ke5 b3 56. Rb7 Kg5 57. Rxb3 Re2+ 58. Kd4
Kxf6 59. Re3 Rf2 60. Rg3 Kf5 61. Ke3 Ra2 62. Rg8 h5 63. Kf3 Ke6 1/2-1/2

[Event "9.Open Internacional de Sants"]
[Site "Barcelona ESP"]
[Date "2007.09.01"]
[Round "9.5"]
[White "Moskalenko, Viktor"]
[Black "Almeida Quintana, Omar"]
[Result "1/2-1/2"]
[WhiteElo "2560"]
[BlackElo "2501"]
[PlyCount "44"]
[EventDate "2007.08.24"]
[EventType "swiss"]
[EventRounds "10"]
[EventCountry "ESP"]
[Source "lmi"]
[SourceDate "2007.08.24"]

1. d4 Nf6 2. c4 c5 3. d5 e6 4. Nc3 exd5 5. cxd5 d6 6. e4 g6 7. f4 Bg7 8. Bb5+
Nfd7 9. Be2 Qh4+ 10. g3 Qd8 11. Nf3 O-O 12. O-O Nb6 13. e5 Bg4 14. Ng5 Bxe2 15.
Qxe2 dxe5 16. fxe5 Nxd5 17. e6 Nc6 18. exf7+ Kh8 19. Qg2 Nxc3 20. bxc3 Qd7 21.
Bf4 Bxc3 22. Rad1 Bd4+ 1/2-1/2

[Event "9.Open Internacional de Sants"]
[Site "Barcelona ESP"]
[Date "2007.09.01"]
[Round "9.6"]
[White "Guramishvili, Sopiko"]
[Black "Narciso Dublan, Marc"]
[Result "0-1"]
[WhiteElo "2273"]
[BlackElo "2552"]
[PlyCount "74"]
[EventDate "2007.08.24"]
[EventType "swiss"]
[EventRounds "10"]
[EventCountry "ESP"]
[Source "lmi"]
[SourceDate "2007.08.24"]

1. d4 d5 2. c4 e6 3. Nf3 Nf6 4. cxd5 exd5 5. Nc3 c6 6. Qc2 Nbd7 7. Bg5 Be7 8.
e3 Nh5 9. Bxe7 Qxe7 10. O-O-O Nb6 11. Bd3 g6 12. h3 Ng7 13. Rhe1 Be6 14. e4
dxe4 15. Bxe4 O-O 16. g4 Qf6 17. Ne5 Bd5 18. Kb1 Ne6 19. h4 Nxd4 20. Rxd4 Qxe5
21. Red1 Rad8 22. f4 Qe7 23. h5 Bxe4 24. Rxe4 Qh4 25. f5 Rxd1+ 26. Nxd1 gxf5
27. gxf5 Qxh5 28. Nf2 Nd5 29. Rg4+ Kh8 30. Qe4 f6 31. Qf3 Qf7 32. Ne4 Qe7 33.
a3 Rg8 34. Rh4 Rg1+ 35. Ka2 Qf7 36. Qb3 a5 37. Nd6 Nc3+ 0-1